000 00795nam a2200205Ia 4500
008 191130s1996##################000#0#eng##
020 _a9780521566247
040 _aACL
_cACL
082 _a332.10942 LAM
100 _aLamoreaux, Naomi R
245 _aInsider lending : banks, personal connections, and economic development in industrial new England
_cNaomi R. Lamoreaux
260 _aCambridge
_bCambridge University Press
_c1996
300 _axii, 170p
650 _aBanks and banking -- New England -- History -- 19th century
650 _aCommercial loans -- New England -- History -- 19th century
650 _aEconomic development projects -- New England -- Finance -- History -- 19th century
990 _a4842aeb3ac10000c75f52e5211ee0119
991 _a163083
999 _c267571
_d267571